Estrategias de estudio

Saved in:
Bibliographic Details
Main Author: Pauk, Walter (autor)
Format: Book
Language:Spanish
Published: Madrid Pearson Educación 2002
Edition:1a. ed
Series:Tú Mismo
Subjects:
Tags: Add Tag
No Tags, Be the first to tag this record!

MARC

LEADER 00000cam a2200000 a 4500
001 UCL7059
003 CL-VaPUC
008 040430e20020000SP |||||||||||||||||spa|d
020 |a 8420535273 
082 0 4 |a 371.3  |b PAU  |2 21 
100 |a Pauk, Walter  |e autor  |9 484797 
245 1 0 |a Estrategias de estudio 
250 |a 1a. ed 
300 |a 202 p 
942 |c BK 
945 |d 20040430 00:00:00  |a cmena 
260 |a Madrid  |b Pearson Educación  |c 2002 
650 0 |a Métodos de aprendizaje  |9 334464 
650 0 |a Métodos de estudio  |9 260518 
583 |a last modification  |c 20120612 04:42:26  |k Rodrigo Vera 
490 0 |a Tú Mismo 
999 |c 308923  |d 308921 
952 |0 0  |1 0  |4 0  |6 371_300000000000000_PAU_2002  |7 0  |8 A  |9 375873  |a BIBTEO  |b BIBTEO  |d 2019-11-21  |i 4011295  |o 371.3 PAU 2002  |p 4011295  |r 2025-01-17  |w 2019-11-21  |y BK  |k ICR 
952 |0 0  |1 0  |4 0  |6 371_300000000000000_PAU_2002  |7 0  |8 A  |9 375874  |a BIBEDU  |b BIBEDU  |d 2019-11-21  |i 4594851  |o 371.3 PAU 2002  |p 4594851  |r 2019-11-21  |w 2019-11-21  |y BK  |k BME 
952 |0 0  |1 0  |4 0  |6 371_300000000000000_PAU_2002  |7 0  |8 A  |9 375875  |a BIBEDU  |b BIBEDU  |d 2019-11-21  |i 4877179  |o 371.3 PAU 2002  |p 4877179  |r 2019-11-21  |w 2019-11-21  |y BK  |k EPE